<?xml version="1.0" encoding="UTF-8"?>
<collection xmlns="http://www.loc.gov/MARC21/slim">
 <record>
  <leader>05230nam a2200325 a 4500</leader>
  <controlfield tag="001">kal4527</controlfield>
  <controlfield tag="003">Gr-AtHEAL</controlfield>
  <controlfield tag="005">20160427190641.0</controlfield>
  <controlfield tag="006">m        d        </controlfield>
  <controlfield tag="008">160413s2015    gr      s           gre|c</controlfield>
  <datafield tag="020" ind1=" " ind2=" ">
   <subfield code="a">9789606033681</subfield>
  </datafield>
  <datafield tag="040" ind1=" " ind2=" ">
   <subfield code="a">GR-AtHEAL</subfield>
   <subfield code="b">gre</subfield>
   <subfield code="c">GR-AtHEAL</subfield>
  </datafield>
  <datafield tag="082" ind1="0" ind2="4">
   <subfield code="a">004</subfield>
   <subfield code="2">23</subfield>
  </datafield>
  <datafield tag="100" ind1="1" ind2=" ">
   <subfield code="a">Στεφανέας, Πέτρος.</subfield>
   <subfield code="8">2316</subfield>
  </datafield>
  <datafield tag="245" ind1="1" ind2="0">
   <subfield code="a">Εφαρμογές της λογικής στην πληροφορική</subfield>
   <subfield code="h">[Ηλεκτρονικός πόρος] </subfield>
   <subfield code="c">Στεφανέας, Πέτρος ; Κολέτσος, Γεώργιος ; Κριτικός αναγνώστης,Δημητρακόπουλος, Κωνσταντίνος ; Τεχνική επιμέλεια,Ξύστρα, Αικατερίνη ; Γλωσσική επιμέλεια,Λαμπαδά, Δέσποινα.</subfield>
  </datafield>
  <datafield tag="260" ind1=" " ind2=" ">
   <subfield code="a">Αθήνα :</subfield>
   <subfield code="b">Σύνδεσμος Ελληνικών Ακαδημαϊκών Βιβλιοθηκών,</subfield>
   <subfield code="c">c2015.</subfield>
  </datafield>
  <datafield tag="490" ind1=" " ind2=" ">
   <subfield code="a">Ακαδημαϊκά Ηλεκτρονικά Συγγράμματα και Βοηθήματα Κάλλιπος</subfield>
   <subfield code="8">40</subfield>
  </datafield>
  <datafield tag="520" ind1=" " ind2=" ">
   <subfield code="a">Το προτεινόμενο βιβλίο θα περιλαμβάνει μια εισαγωγή στους βασικούς τομείς εφαρμογών της λογικής στην πληροφορική. Η ενδεικτική θεματολογία του βιβλίου περιλαμβάνει μια εισαγωγή στο αντικείμενο της λογικής γενικά (κατηγορηματικός λογισμός), αλλά και στο εύρος των εφαρμογών της στην πληροφορική (σημασιολογία προγραμματισμού, αυτόματη απόδειξη, μοντελοποίηση συστημάτων, επαλήθευση αλγορίθμων). Έμφαση θα δοθεί στις τυπικές μεθόδους λογισμικού (formal methods) που αποτελούν χαρακτηριστικό παράδειγμα εφαρμογής της λογικής στον προγραμματισμό και εν γένει την τεχνολογία λογισμικού. Ανάμεσα στα θέματα που προτείνεται να παρουσιαστούν περιλαμβάνονται ζητήματα που αφορούν τις κλασσικές και μη κλασσικές λογικές, λ-λογισμός, θεωρία τύπων (type theory), μοντέλα, ορθότητα προγραμμάτων και προδιαγραφών, συναρτησιακός προγραμματισμός, αυτόματη απόδειξη θεωρημάτων (theorem proving), λογικός προγραμματισμός, οι αποδείξεις ως προγράμματα (proofs as programs), σημασιολογία γλωσσών προγραμματισμού και προδιαγραφών συστημάτων, εξισωτική λογική (equational logic), αλγεβρικές προδιαγραφές (algebraic specifications) συστημάτων. Τεχνικές προδιαγραφών και επαλήθευσης ιδιοτήτων προγραμμάτων και συστημάτων. Η γλώσσα αλγεβρικών προδιαγραφών CafeOBJ θα χρησιμοποιηθεί ως παράδειγμα γλώσσας που βασίζεται στη λογική (συνδυασμός συστημάτων εξισωτικής λογικής) και χρησιμοποιείται σε εφαρμογές στη μοντελοποίηση λογισμικού. Θα παρουσιαστούν επίσης συνοπτικά άλλες γλώσσες που βασίζονται στη λογική και εφαρμογές τους, όπως για παράδειγμα γλώσσες του συναρτησιακού προγραμματισμού (Lisp).Αξίζει να αναφερθεί ότι το μάθημα αυτό θεωρείται ιδιαίτερα σημαντικό διεθνώς στις σπουδές της πληροφορικής (computer science) και των εφαρμοσμένων μαθηματικών στην πληροφορική.</subfield>
  </datafield>
  <datafield tag="650" ind1=" " ind2="0">
   <subfield code="a">Logic, Symbolic and mathematical</subfield>
   <subfield code="8">2725</subfield>
  </datafield>
  <datafield tag="650" ind1=" " ind2="0">
   <subfield code="a">Computer science</subfield>
   <subfield code="8">2726</subfield>
  </datafield>
  <datafield tag="653" ind1=" " ind2=" ">
   <subfield code="a">Λογική πληροφορική</subfield>
  </datafield>
  <datafield tag="653" ind1=" " ind2=" ">
   <subfield code="a">Επιστήμη υπολογιστών / Πληροφορική</subfield>
   <subfield code="a">Γλώσσες προγραμματισμού</subfield>
   <subfield code="a">Λογικός προγραμματισμός</subfield>
  </datafield>
  <datafield tag="653" ind1=" " ind2=" ">
   <subfield code="a">Λογική και φιλοσοφία της λογικής</subfield>
  </datafield>
  <datafield tag="700" ind1="1" ind2=" ">
   <subfield code="a">Κολέτσος, Γεώργιος,</subfield>
   <subfield code="e">συγγραφέας.</subfield>
   <subfield code="8">2317</subfield>
  </datafield>
  <datafield tag="700" ind1="1" ind2=" ">
   <subfield code="a">Δημητρακόπουλος, Κωνσταντίνος,</subfield>
   <subfield code="e">κριτικός αναγνώστης.</subfield>
   <subfield code="8">2318</subfield>
  </datafield>
  <datafield tag="856" ind1="4" ind2="0">
   <subfield code="u">http://hdl.handle.net/11419/4527</subfield>
   <subfield code="z">Πλήρες Κείμενο - Full text</subfield>
  </datafield>
  <datafield tag="907" ind1=" " ind2=" ">
   <subfield code="a">.b25678693</subfield>
   <subfield code="b">12-06-18</subfield>
   <subfield code="c">29-07-16</subfield>
  </datafield>
  <datafield tag="949" ind1=" " ind2=" ">
   <subfield code="0">0</subfield>
   <subfield code="1">0</subfield>
   <subfield code="2">ddc</subfield>
   <subfield code="4">0</subfield>
   <subfield code="6">004_000000000000000_ΣΤΕ</subfield>
   <subfield code="7">0</subfield>
   <subfield code="8">KALL</subfield>
   <subfield code="8">628</subfield>
   <subfield code="d">2016-04-13</subfield>
   <subfield code="r">2016-04-13</subfield>
   <subfield code="w">2016-04-13</subfield>
   <subfield code="z">004 ΣΤΕ</subfield>
   <subfield code="o">SEAB KALLIPOS</subfield>
  </datafield>
  <datafield tag="998" ind1=" " ind2=" ">
   <subfield code="a">80</subfield>
   <subfield code="a">01</subfield>
   <subfield code="a">02</subfield>
   <subfield code="a">03</subfield>
   <subfield code="a">04</subfield>
   <subfield code="a">05</subfield>
   <subfield code="a">06</subfield>
   <subfield code="a">07</subfield>
   <subfield code="a">08</subfield>
   <subfield code="a">09</subfield>
   <subfield code="a">10</subfield>
   <subfield code="a">11</subfield>
   <subfield code="a">12</subfield>
   <subfield code="a">13</subfield>
   <subfield code="a">14</subfield>
   <subfield code="a">15</subfield>
   <subfield code="a">16</subfield>
   <subfield code="a">17</subfield>
   <subfield code="a">18</subfield>
   <subfield code="a">19</subfield>
   <subfield code="a">20</subfield>
   <subfield code="a">21</subfield>
   <subfield code="a">22</subfield>
   <subfield code="a">23</subfield>
   <subfield code="a">24</subfield>
   <subfield code="a">25</subfield>
   <subfield code="a">26</subfield>
   <subfield code="b">10-05-17</subfield>
   <subfield code="c">m</subfield>
   <subfield code="d">z  </subfield>
   <subfield code="e">-</subfield>
   <subfield code="f">gre</subfield>
   <subfield code="g">gr </subfield>
   <subfield code="h">0</subfield>
  </datafield>
  <datafield tag="942" ind1=" " ind2=" ">
   <subfield code="2">ddc</subfield>
   <subfield code="c">KALLIPOS</subfield>
  </datafield>
 </record>
</collection>
